000 00413nam a2200169Ia 4500
003 OSt
005 20240523151326.0
008 170619s9999 xx 000 0 und d
020 _a978-9352023585
040 _cIIMT ENGINEERING COLLEGE
100 _aChunawalla
245 0 _aFoundation of advertising theory & practice
260 _bMumbai Himalaya
260 _c2006
546 _aENGLISH
942 _2ddc
_c02
999 _c22140
_d22140